• 首页
  • 本馆介绍
  • 公告通知
  • 最新文献
  • 馆藏检索
  • 电子资源
  • 读者导购
  • 参考咨询
  • 我的图书馆
  • 登录
  • 详细信息显示
  • 放入我的书架
  • 预约/预借图书
  • 作者相关作品
  • 分类相关作品
  • 丛书相关作品
  • 出版社相关作品

书目信息

  • 表格格式
  • 工作单格式
  • 卡片格式
题名:
2011中国零售业发展报告
    
 
作者: 王耀 主编
分册:  
出版信息: 北京   中国统计出版社  2011
页数: 134页
开本: 26cm
丛书名:
单 册:
中图分类: F724.2
科图分类:
主题词: 零售业--经济发展--研究报告--中国--2011 , 零售业 , 经济发展
电子资源:
ISBN: 978-7-5037-6382-3
000 01102nam0 22002891 450
001 524
005 20140909100453.53
010    @a978-7-5037-6382-3@dCNY50.00
100    @a20120208d2011 em y0chiy50 ea
101 0  @achi
102    @aCN@b110000
105    @aa z 000yy
106    @ar
200 1  @a2011中国零售业发展报告@A2011Zhong Guo Ling Shou Ye Fa Zhan Bao Gao@f王耀主编@FWang Yao Zhu Bian
210    @a北京@c中国统计出版社@d2011
215    @a134页@c图@d26cm
300    @a中国零售业白皮书
312    @a封面英文题名:China retailing industry development report
330    @a本书共九部分,主要内容有:“十一五”及2010年我国经济运行平稳良好、“十一五”及2010年我国消费品市场运行良好、2010年零售市场运行情况、中国零售市场主要业态发展概况、我国零售业区域发展环境等。
540 1  @a中国零售业发展报告@Azhong guo ling shou ye fa zhan bao gao@h2011
606 0  @a零售业@x经济发展@x研究报告@y中国@z2011
606 0  @a零售业
606 0  @a经济发展
690    @aF724.2@v5
701  0 @a王耀@AWang Yao@g(商业管理)@4主编
801  0 @aCN@bTANGWEI@c20140603
905    @b0837537-39@dF724.2@e67@f3
    
    2011中国零售业发展报告/王耀主编.-北京:中国统计出版社,2011
    134页:图;26cm
    中国零售业白皮书
    
    ISBN 978-7-5037-6382-3:CNY50.00
    本书共九部分,主要内容有:“十一五”及2010年我国经济运行平稳良好、“十一五”及2010年我国消费品市场运行良好、2010年零售市场运行情况、中国零售市场主要业态发展概况、我国零售业区域发展环境等。
●
相关链接 在E读中查询图书 在五车中查询图书 在当当中查询图书 在豆瓣中查询图书


正题名:2011中国零售业发展报告     索取号:F724.2/67         预约/预借

序号 登录号 条形码 馆藏地/架位号 状态 备注
1 0837537   208375373   第一样本阅览室/ [索取号:F724.2/67] 在馆    
2 0837538   208375382   第一借阅区/ [索取号:F724.2/67] 在馆    
3 0837539   208375391   密集书库-物理学院/ [索取号:F724.2/67] 在馆    
唐山师范学院图书馆 欢迎您!
大连网信软件有限公司© 版权所有